Statistiques concernant Les 20 préfectures départementales les plus proches de Strasbourg à vol d'oiseau

Cliquez ici pour prendre le quiz!

Statistiques générales

  • Ce quiz a été pris 147 fois
  • Le résultat moyen est 17 sur 20

Statistiques - réponses

Distance (km) Préfecture % Correct
62Colmar (Haut-Rhin)
98%
130Metz (Moselle)
98%
116Nancy (Meurthe-et-Moselle)
97%
123Belfort (Territoire de Belfort)
96%
197Besançon (Doubs)
92%
245Dijon (Côte-d'Or)
92%
106Épinal (Vosges)
88%
273Troyes (Aube)
84%
257Charleville-Mézières (Ardennes)
83%
159Vesoul (Haute-Saône)
82%
192Bar-le-Duc (Meuse)
81%
322Auxerre (Yonne)
81%
325Bourg-en-Bresse (Ain)
77%
252Châlons-en-Champagne (Marne)
77%
267Lons-le-Saunier (Jura)
75%
200Chaumont (Haute-Marne)
75%
335Mâcon (Saône-et-Loire)
75%
322Annecy (Haute-Savoie)
68%
321Laon (Aisne)
66%
363Chambéry (Savoie)
63%

Distribution des résultats

Percentile par nombre de réponses

% des personnes avec chaque résultat

Votre développement - résultats

Vous n’avez pas pris ce quiz